Nomi dei calciatori - Quiz n°53 - Statistics

Statistiche generali
  • Questo quiz è stato fatto 36 volte
  • Il punteggio medio è 9 su 10
Statistiche sulle risposte
Hint Risposta % Corretto
Kostić Filip
94%
Rossi Giuseppe
94%
Götze Mario
94%
Albiol Raúl
94%
Schmeichel Kasper
91%
Neves Rúben
85%
Howard Tim
85%
Taarabt Adel
82%
Upamecano Dayot
79%
Zabaleta Pabli
76%
Nessun quiz corrispondente trovato
Distribuzione punteggi
Percentuale di utenti per punteggio
Percentile per numero di risposta
I tuoi punteggi nel tempo
Non hai fatto questo quiz